000 00327nam a22001457a 4500
008 210308b ||||| |||| 00| 0 eng d
020 _a39536000858769
041 _aeng
080 _a541
082 _a541
100 _a12
101 _aKIM
245 _aIntroductory experimental chemistry
_cMesser, M.B
942 _2udc
_cBK
999 _c55969
_d55969